Najdrożsi piłkarze Ekstraklasy - Statystyki

Ogólne statystyki
  • Ten quiz został rozwiązany 47 razy
  • Średni wynik to 4 z 11
Statystyki odpowiedzi
Wartość Odpowiedź % Poprawnych
6 mln € Antoni Kozubal
78%
3 mln € Afimico Pululu
58%
3,5 mln € Michał Gurgul
48%
3 mln € Alfonso Sousa
45%
4,5 mln € Ruben Vinagre
45%
2,5 mln € Fran Tudor
23%
2,5 mln € Kacper Trelowski
23%
2,5 mln € Patrik Wålemark
23%
2,5 mln € Steve Kapuadi
20%
2,5 mln € Gustav Berggren
13%
2,5 mln € Tomasz Pieńko
10%
Nie znaleziono quizów pasujących do podanych kryteriów
Rozkład punktacji
Procent ludzi z każdym wynikiem
Percentyl według liczby udzielonych odpowiedzi
Twoja historia wyników
Nie rozwiązałeś tego quizu